Six Degrees of Separation - People in History #1 - Statistics

General Stats
  • This quiz has been taken 43,608 times
  • The average score is 15 of 24
Answer Stats
Color Connection Person % Correct
Blue The person who gave the "I have a dream" speech is... Martin Luther King Jr.
95%
Yellow The leader of the USSR during WWII was... Joseph Stalin
88%
Green Who had three children with the Egyptian ruler... Cleopatra
82%
Yellow Who was defeated in the 1960 election by... John F. Kennedy
82%
Yellow Who supported the Chinese leader... Mao Zedong
82%
Blue Who was inspired by the non-violent tactics of... Mahatma Gandhi
80%
Green The first Roman emperor was... Augustus
79%
Green Who was the grand-nephew of the dictator... Julius Caesar
72%
Blue Who was called a "seditious lawyer" by the British leader... Winston Churchill
71%
Blue Who was born during the reign of... Queen Victoria
70%
Yellow Who in 1972 shook hands with... Richard Nixon
69%
Green Whose funeral oration was given by... Mark Antony
62%
Red Which was conquered by... Alexander the Great
59%
Yellow Who was assassinated by... Lee Harvey Oswald
58%
Blue Who asked to be restored as monarch in a 1940 telegram to... Adolf Hitler
57%
Green Who married her 7th husband at the Neverland Ranch of... Michael Jackson
57%
Red Who studied at the Academy founded by... Plato
55%
Red Who was a student of... Socrates
52%
Blue Whose eldest grandchild was the German ruler... Wilhelm II
52%
Red Who was tutored by... Aristotle
50%
Green Who was portrayed in the 1963 movie by... Elizabeth Taylor
45%
Yellow Who was shot by... Jack Ruby
34%
Red Who was painted in "The School of Athens" by the Renaissance painter... Raphael
32%
Red The founder of the first Persian empire was... Cyrus the Great
25%
No matching quizzes found
Score Distribution
Percent of People with Each Score
Percentile by Number Answered
Your Score History
You have not taken this quiz